000 00576nam a22001697a 4500
003 OSt
005 20260218154412.0
008 260218b |||||||| |||| 00| 0 eng d
040 _cMRSPTU
041 _aEnglish
100 _aGurkirat Singh, Supervisor: Gurprit Singh Bath
245 _aEffect of Rubber Tyres on the Behavior of Concrete With Its Partial Replacement by Coarse Aggregates
260 _bDepartment of Civil Engg. MRSPTU, Bathinda
_c2017
650 _aCivil Engineering
856 _uhttp://163.47.215.52:8080/jspui/handle/123456789/1114
942 _2ddc
_cTH
_n0
999 _c10945
_d10945